| 000 | 00401pam a2200157a 44500 | ||
|---|---|---|---|
| 008 | 230515b0 xxu||||| |||| 00| 0 eng d | ||
| 020 | _a9.78813E+12 | ||
| 041 | _aNULL | ||
| 082 | _a006.6/FOL/DAM | ||
| 100 | _a"FOLEY JAMES D. | ||
| 245 | _aCOMPUTER GRAPHICS PRINCIPLES & PRACTICE IN C | ||
| 250 | _a FEINER STEVEN K. | ||
| 260 |
_a20 _b DAM ANDRIES VAN _c0 |
||
| 300 | _a2ND EDI IMP | ||
| 650 | _a950 | ||
| 999 |
_c664055 _d664055 |
||